Mathematics - Addition - Sudden Death - Statistics

General Stats
  • This quiz has been taken 346 times
  • The average score is 7 of 10
Answers on the Grid
Answers color-coded by a green-red scale on the quiz's grid according to % correct below.
56 + 34 = 89
72 + 25 = 96
89 + 12 = 102
67 + 45 = 111
45 + 77 = 132
59 + 49 = 98
74 + 18 = 93
29 + 52 = 71
42 + 49 = 81
67 + 44 = 112
56 + 34 = 90
72 + 25 = 97
89 + 12 = 101
36 + 74 = 110
67 + 45 = 112
74 + 18 = 92
88 + 15 = 103
95 + 21 = 116
62 + 32 = 94
37 + 22 = 59
 
Answer Stats
Answer % Correct
88 + 15 = 103
68%
36 + 74 = 110
66%
62 + 32 = 94
66%
72 + 25 = 97
66%
95 + 21 = 116
66%
37 + 22 = 59
65%
67 + 45 = 112
65%
74 + 18 = 92
65%
89 + 12 = 101
64%
56 + 34 = 90
63%
No matching quizzes found
Score Distribution
Percent of People with Each Score
Percentile by Number Answered
Your Score History
You have not taken this quiz